Loading...

Samkhyatmaka visleshanam /

Bibliographic Details
Main Author: Sakhariyas, Cicily
Language:Undetermined
Published: 1972.
Series:Kerala Bhasha Institute Prasidheekaranam.
LEADER 00448nam a2200133Ia 4500
001 14775
008 170722s9999 xx 000 0 und d
100 |a Sakhariyas, Cicily 
245 |a Samkhyatmaka visleshanam / 
260 |c 1972. 
490 |a Kerala Bhasha Institute Prasidheekaranam. 
942 |c GEN 
999 |c 86541  |d 86541 
952 |0 1  |1 0  |4 0  |6 B_311_000000000000000_32L21  |7 0  |8 CR  |9 121022  |a LIB  |b LIB  |d 2013-03-25  |h CR  |o B311 32L2;1  |p 151939  |r 2017-08-12  |w 2017-08-12  |y GEN